American islands - Statistics

General Stats
  • This quiz has been taken 12 times
  • The average score is 4 of 10
Answer Stats
Island Answer % Correct
Alcatraz San Francisco Bay
100%
Jekyll Island Atlantic Ocean
86%
Cozumel Caribbean Sea
71%
Sanibels Island Gulf of Mexico
71%
Attu Bering Sea
14%
South Bass Island Lake Erie
14%
Algonquin Island Lake Ontario
14%
Isle Royale Lake Superior
14%
Ellis Island New York Harbour
0%
Texada Island Strait of Georgia
0%
No matching quizzes found
Score Distribution
Percent of People with Each Score
Percentile by Number Answered
Your Score History
You have not taken this quiz